BIBLIOTECA

SENCICO

Instalaciones eléctricas para proyectos y obras (Registro nro. 2030)

Detalles MARC
000 -LEADER
fixed length control field 00481nam a2200193Ia 4500
005 - DATE AND TIME OF LATEST TRANSACTION
control field 20251020182530.0
008 - FIXED-LENGTH DATA ELEMENTS--GENERAL INFORMATION
fixed length control field 200515s9999 xx 000 0 und d
082 ## - DEWEY DECIMAL CLASSIFICATION NUMBER
Classification number 696.651/L85
100 ## - MAIN ENTRY--PERSONAL NAME
Personal name LOPEZ, Antonio GUERRERO, J
245 #0 - TITLE STATEMENT
Title Instalaciones eléctricas para proyectos y obras
250 ## - EDITION STATEMENT
Edition statement 5 a ed.
260 ## - PUBLICATION, DISTRIBUTION, ETC.
Place of publication, distribution, etc. Madrid
260 ## - PUBLICATION, DISTRIBUTION, ETC.
Date of publication, distribution, etc. 1999
500 ## - GENERAL NOTE
General note 1 ejemplar
650 ## - SUBJECT ADDED ENTRY--TOPICAL TERM
Topical term or geographic name entry element ALUMBRADO PUBLICO
650 ## - SUBJECT ADDED ENTRY--TOPICAL TERM
Topical term or geographic name entry element INSTALACIONES ELECTRICAS
650 ## - SUBJECT ADDED ENTRY--TOPICAL TERM
Topical term or geographic name entry element LIB
942 ## - ADDED ENTRY ELEMENTS (KOHA)
Koha item type Libros
Existencias
Fecha de la última vez que lo usaron Pago total Signatura topográfica completa Código de barras Precio efectivo desde Tipo de documento Estado perdido Estado dañado No es para préstamo Retirado Ubicación permanente Ubicación actual Fecha de adquisición
15/05/2020   696.651/L85 Bib-Lima15052030 15/05/2020 Libros         Biblioteca Central Lima Biblioteca Central Lima 15/05/2020